Composers by Nationality/Distinguishing Fact. - Statistics

General Stats
  • This quiz has been taken 51 times
  • The average score is 10 of 13
Answer Stats
Hint Answer % Correct
Poland. Frédéric Chopin
95%
Germany, Austria. Went Deaf Ludwig Van Beethoven
95%
Russia. Ballet/The Nutcracker Pyotr Ilyich Tchaikovsky
95%
Italy. The four seasons/female music ensemble Antonio Vivaldi
93%
Germany. Brandenburg Concertos Johann Sebastian Bach
93%
Austria. Wolfgang Amadeus Mozart
93%
Germany. Lullabys Johannes Brahms
86%
Italy. Operas Giuseppe Verdi
81%
France. Musical Impressionism Claude Debussy
79%
Austria. Unfinished symphony Franz Schubert
76%
Austria. London Symphonies Joseph Haydn
76%
Germany. Opera Richard Wagner
69%
Russia. Ballet Igor Stranvisky
2%
No matching quizzes found
Score Distribution
Percent of People with Each Score
Percentile by Number Answered
Your Score History
You have not taken this quiz